| 000 | 00598nam a2200181 i 4500 | ||
|---|---|---|---|
| 001 | 134376 | ||
| 003 | ES-MaACL | ||
| 007 | t| | ||
| 008 | 070910s1974 sp ||||1| spa d | ||
| 100 | 1 |
_aWatts, Reginald. _9116211 |
|
| 245 | 1 | 3 |
_aLa nueva publicidad / _cReginald Watts ; [versión de J. Domingo ; revisión, prólogo y notas de Francisco Izquierdo Navarro]. |
| 250 | _a[1ª ed.]. | ||
| 260 |
_aVilassar de Mar : _bOikos-Tau, _c[1974] |
||
| 300 |
_a199 p. ; _c22 cm. |
||
| 700 | 1 |
_aDomingo, J. _945117 |
|
| 700 | 1 |
_aIzquierdo Navarro, Francisco. _965739 |
|
| 852 |
_aES-MaACL _jE-6064 _bR.90240 |
||
| 999 |
_c134376 _d134376 |
||